[Event "Ferrol op 32th"]
[Site "Ferrol"]
[Date "2017.07.23"]
[Round "8"]
[White "Afonso Costa, Jose Manuel"]
[Black "Lopez Rodriguez, Alvaro"]
[Result "1/2-1/2"]
[WhiteElo "1291"]
[BlackElo "1189"]
[PlyCount "82"]
[EventDate "2017.07.16"]
[EventType "swiss"]
[EventRounds "9"]
[EventCountry "ESP"]
[SourceTitle "EXT 2024"]
[Source "ChessBase"]
[SourceDate "2023.10.10"]
[SourceVersion "1"]
[SourceVersionDate "2023.10.10"]
[SourceQuality "1"]

1. d4 d5 2. c4 Nf6 3. Nc3 c6 4. Nf3 Bf5 5. e3 Nbd7 6. c5 b6 7. Bd3 Bxd3 8. Qxd3 bxc5 9. e4 dxe4 10. Nxe4 Nxe4 11. Qxe4 g6 12. Qxc6 cxd4 13. Nxd4 Bg7 14. Be3 Rc8 15. Qb5 0-0 16. 0-0 Nf6 17. Nc6 Qd7 18. Rac1 Rb8 19. Qa6 Rb7 20. Rfd1 Qc7 21. Na5 Qb8 22. Nxb7 Ng4 23. Bxa7 Qxh2+ 24. Kf1 Qh1+ 25. Ke2 Qxg2 26. Rg1 Qe4+ 27. Kd1 Qd5+ 28. Ke1 Qe4+ 29. Qe2 Qb4+ 30. Kd1 Qxb7 31. Rxg4 Qxa7 32. Ke1 Qa5+ 33. Kf1 Bh6 34. Rd1 Qf5 35. Rg2 e5 36. Rd3 e4 37. Rb3 e3 38. f3 Bg5 39. Rb5 Qb1+ 40. Qe1 Qd3+ 41. Qe2 Qb1+ 1/2-1/2

[Event "Ferrol op 32th"]
[Site "Ferrol"]
[Date "2017.07.18"]
[Round "3"]
[White "Afonso Costa, Jose Manuel"]
[Black "Seoane Tojo, David"]
[Result "1/2-1/2"]
[WhiteElo "1291"]
[BlackElo "1110"]
[PlyCount "29"]
[EventDate "2017.07.16"]
[EventType "swiss"]
[EventRounds "9"]
[EventCountry "ESP"]
[SourceTitle "EXT 2024"]
[Source "ChessBase"]
[SourceDate "2023.10.10"]
[SourceVersion "1"]
[SourceVersionDate "2023.10.10"]
[SourceQuality "1"]

1. d4 Nf6 2. c4 e6 3. Nc3 d6 4. Bg5 Be7 5. Bxf6 Bxf6 6. e3 b6 7. Nf3 Bb7 8. e4 Nd7 9. Be2 e5 10. d5 0-0 11. 0-0 a6 12. Qd3 Nc5 13. Qc2 Re8 14. b4 Nd7 15. Qc1 1/2-1/2